| 000 | 01128cam a2200325 i 4500 | ||
|---|---|---|---|
| 001 | 4137770 | ||
| 003 | OSt | ||
| 005 | 20140310182256.0 | ||
| 008 | 770207s1977 maua j 000 1 eng | ||
| 010 | _a 77000083 | ||
| 020 |
_a0553273957 _c$6.95 |
||
| 040 |
_aDLC _cDLC _dDLC |
||
| 042 | _alcac | ||
| 050 | 0 | 0 |
_aPZ 7 _b.L9673Su 1977 |
| 082 | 0 | 0 |
_aFIC _bL95 1997 |
| 100 | 1 |
_aLowry, Lois. _93746 |
|
| 245 | 1 | 2 |
_aA summer to die / _cLois Lowry ; illustrated by Jenni Oliver. |
| 260 |
_aBoston : _bHoughton Mifflin, _c1977. |
||
| 300 |
_a154 p. : _bill. ; _c22 cm. |
||
| 650 | 1 |
_aIndividuality _vFiction. _920367 |
|
| 650 | 1 |
_aSisters _vFiction. _920368 |
|
| 650 | 1 |
_aDeath _vFiction. _920369 |
|
| 700 | 1 |
_aOliver, Jenni. _920370 |
|
| 856 | 4 | 1 |
_3Table of contents _uhttp://www.loc.gov/catdir/toc/hm031/77000083.html |
| 856 | 4 | 2 |
_3Publisher description _uhttp://www.loc.gov/catdir/description/hm021/77000083.html |
| 856 | 4 | 2 |
_3Contributor biographical information _uhttp://www.loc.gov/catdir/enhancements/fy0736/77000083-b.html |
| 906 |
_a7 _bcbc _corignew _d1 _eocip _f19 _gy-gencatlg |
||
| 942 |
_2lcc _cBK-FIC |
||
| 999 |
_c11483 _d11483 |
||